000 00343nam a2200145Ia 4500
008 191201s2007 xx 000 0 und d
082 _a620.112
_bBAS
100 _aBANSAL, R K
245 0 _aStrength of Materials
250 _a4th
260 _aN.Delhi
_bLaxmi Publications
_c2007
300 _a1092
650 _aB.Tech(ME)
942 _2ddc
_cBK
999 _c3208
_d3208